000 01067nam a2200229Ia 4500
999 _c36835
_d36835
001 2781
003 GE_BSU
005 20190507141009.0
008 181216s2004|||| |||||||||||||| ||geo||
020 _a9994078615
040 _cGE_BSU
041 _ageo
080 _a911.3(075.8) მ–90
245 _aმსოფლიოს სოციალურ–ეკონომიკური გეოგრაფია : სახელმძღვ.უმაღლესი სასწავლებლის სტუდენტებისათვის /
_cრედ : ე. ნეიძე
264 _aთბილისი .:
_bლეგა,
_c2004.
300 _a245 გვ ;
_c28 სმ.
653 _aმსოფლიოს სოციალურ–ეკონომიკური გეოგრაფია
653 _aმსოფლიოს პოლიტიკური გეოგრაფია
653 _aგეოგრაფია
700 _aნეიძე, ე
_eრედაქტორი
_9877
942 _cBK
_2udc